000 00817nam a22001817a 4500
008 210622b ||||| |||| 00| 0 eng d
020 _a1451482957
020 _a9781451482959
050 _aBS2665.53
_b.W35 2014
100 _aWallace, David R.
245 _aElection of the lesser son :
_bPaul's lament-midrash in Romans 9-11 /
_cDavid R. Wallace.
260 _aMinneapolis, MN :
_bFortress Press,
_c2014.
300 _axiii, 316 pages ;
_c23 cm
500 _aIncludes bibliographical references (pages 251-289) and index.
505 _aPaul's grief for Israel -- God's faithful election of Israel, 9:6-29 -- Israel's failure to hear, 9:30-10:21 -- The grace of God for Israel, 11:1-32 -- Paul-s praise to God, 11:33-36 -- Conclusion.
630 _eBible. Romans
_vCommentaries.
942 _2lcc
_cBK
999 _c56369
_d56369